000
00208 a2200097 4500
001
45590
100
_a
Malcolm, J
245
_a
Psychoanalysis
260
_a
New York
_b
Vintage books
_c
090
_c
28753
_d
28753
942
_a
NUST-CAE
_c
M
_c
20839
999
_c
280663
_d
280663